00782nam a2200181Ia 4500003000900000008004100009020001800050040001600068080002200084111008500106245025400191260004100445300001500486490003300501650002300534700002100557700002200578IN-BaIIA211028s9999 xx 000 0 eng d a4-946443-18-5 cIIA Library a523.9(082.2)bUCH aInternational Symposium on the Yokhov Scientific ResultscJapand1993 Feb. 23-25 0aX-Ray solar physics from Yohkovbproceedings of the International symposium on the Yokhov Scientific results held at Japan during 23-25 February 1993cedited by Y. Uchida,T. Watanabe and K. Shibata  aJapanbUniversal Academy Pressc1994 axiv, 340p. aFrontiers science series; 10 aSolar physics, Sun aShibata, K., ed. aWatanabe, T., ed.